Amalia na veľkom výlete v Bratislave

Bibliographic Details
Main Author: Kováčová, Jana (Author)
Corporate Author: Ústav sociálnej starostlivosti Amália (Rožňava, Slovensko) (Author)
Format: Article
Language:Slovak
PhysicalDescription:1 foto
Subjects:

MARC

LEADER 00000nab a2200000 a 4500
001 vtls001006149
003 SK-MaSNL
005 20260426073552.0
008 040720e19990723xo 0 slo
035 |a RV6749 
040 |a RVGKPD  |b slo  |c RVGKPD  |e AACR2 
041 0 |a slo 
044 |a xo  |c SK 
080 |a 362.3  |2 1981 
100 1 |a Kováčová, Jana  |4 aut  |9 11680 
245 1 0 |a Amalia na veľkom výlete v Bratislave 
300 |b 1 foto 
610 2 7 |a Ústav sociálnej starostlivosti Amália (Rožňava, Slovensko)  |2 RVGKPD  |9 1023959 
610 2 7 |a Amália  |2 RVGKPD  |9 1023960 
650 0 7 |a zájazdy  |2 RVGKPD  |9 884242 
651 7 |a Rožňava (Slovensko)  |2 RVGKPD  |9 17394 
651 7 |a Bratislava (Slovensko)  |2 RVGKPD  |9 14568 
651 7 |a Rakúsko  |2 RVGKPD  |9 18533 
655 7 |a periodikum  |2 snkbucl  |9 29553 
710 2 |a Ústav sociálnej starostlivosti Amália (Rožňava, Slovensko)  |4 aut  |9 1023959 
773 0 8 |t Rožňavské noviny=Rozsnyói Újság  |g Roč. 7, č.12-13, 23.7.1999, s. 4 
852 |a ZVYKNI  |b KIS3GCP 
999 |c 2710821  |d 2712751